000 00278nam a2200133Ia 4500
100 _aNuttall/T
942 _cBK
654 _aWorkshop
245 _aWorkshop Technology
260 _bEnglish language book society
_c2001
082 _a671
300 _a552
546 _aENGLISH
999 _c19361
_d19361